| 000 | 01187nas a2200385 4500 | ||
|---|---|---|---|
| 001 | BR2015001777 | ||
| 003 | BR-BrBNA | ||
| 005 | 20231205125148.0 | ||
| 007 | ta | ||
| 008 | 230509b bl.|||p| |||| 00| 00por d | ||
| 040 |
_aBR-BrBNA _bpor _cBiblioteca Nacional de Agricultura |
||
| 041 | _a(En) | ||
| 072 | _aL73 | ||
| 100 | 1 | _aVasconcellos, S.A. | |
| 100 | 1 | _aOliveira, J.C.F. | |
| 100 | 1 | _aMorais, Z.M. | |
| 100 | 1 | _aBaruselli, P.S. | |
| 100 | 1 | _aAmaral, R. | |
| 100 | 1 | _aPinheiro, S.R. | |
| 100 | 1 | _aFerreira, F. | |
| 100 | 1 | _aFerreira-Neto, J.S. | |
| 100 | 1 | _aSchönberg, A. | |
| 100 | 1 | _aHartskeerl, R.A. | |
| 245 | 1 | _aIsolation of leptospira santarosai, serovar guaricura from buffaloes (Bubalus bubalis)in Vale do Ribeira, São Paulo, Brazil | |
| 650 | _aBUFALO | ||
| 650 | _aLEPTOSPIROSE | ||
| 650 | _aDOENCA ANIMAL | ||
| 650 | _aCONTAMINACAO | ||
| 650 | _aBACTERIA | ||
| 650 | _aANTICORPO | ||
| 773 | 0 |
_tBrazilian Journal of Microbiology (Brazil) _xISSN 1517-8382 _g(Oct-Dec 2001), v. 32(4) p. 298-300 _wBR2015001777 |
|
| 856 | 4 | 0 | _uhttp://www.scielo.br/pdf/bjm/v32n4/11107.pdf |
| 909 |
_a202311 _bLúcia _c55 _dLúcia Elande |
||
| 942 |
_2AGRIS _n0 _cANA |
||
| 999 |
_c242968 _d242968 |
||